| 000 | 00949cam a2200265 4500 | ||
|---|---|---|---|
| 001 | ABS66112 | ||
| 008 | 021022n2002 000 0 eng u | ||
| 035 | _a(Sirsi) u120210 | ||
| 100 | _aSayce, S. | ||
| 245 | _aFrom existing use to value in use: time for a paradigm shift? | ||
| 260 | _c2002 | ||
| 490 |
_aProperty Management _v20(4) 2002, 228-251(12) |
||
| 520 | _aThis paper debates the key concepts of fair value, value in use and existing use, as they relate to the valuation of owner-occupied property assets. (TAKEN FROM JOURNAL HEADNOTE) | ||
| 590 | _aABS | ||
| 650 | _aASSETS VALUATION | ||
| 650 | _aACCOUNTING STANDARDS | ||
| 650 | _aEXISTING USE VALUE | ||
| 650 | _aVALUE IN USE PRICING | ||
| 650 | _aDEPRECIATION | ||
| 650 | _aRICS | ||
| 650 | _aABOUT RICS-RELATED ORGANISATIONS-EUROPEAN GROUP OF VALUERS' ASSOCIATIONS | ||
| 690 | _aPROPERTY-PROPERTY APPRAISAL AND VALUATION | ||
| 700 | _aConnellan, O. | ||
| 942 | _n0 | ||
| 999 |
_c71408 _d71408 |
||